[Event "42. Torneo Internacional de La Roda"]
[Site "La Roda ESP"]
[Date "2015.04.01"]
[Round "1.1"]
[White "Granda Zuniga, Julio E"]
[Black "Cebrian Flores, Juan Antonio"]
[Result "1-0"]
[WhiteElo "2649"]
[BlackElo "1981"]
[PlyCount "63"]
[EventDate "2015.04.01"]
[EventRounds "9"]
[EventCountry "ESP"]
[Source "lmi"]
[SourceDate "2015.04.01"]

1. d4 Nf6 2. c4 d6 3. Nc3 g6 4. e4 Bg7 5. f3 O-O 6. Be3 a6 7. Nge2 c6 8. Nc1 b5
9. Nb3 Nbd7 10. Qc2 Bb7 11. c5 Qc7 12. Be2 Rad8 13. cxd6 exd6 14. O-O Rc8 15.
Rfc1 Ne8 16. a4 b4 17. Nd1 a5 18. Qd2 Qb6 19. Rc2 Ba6 20. Rac1 Nb8 21. Nf2 h5
22. e5 Bxe2 23. Qxe2 Qd8 24. Ne4 d5 25. Nf2 f6 26. f4 Rf7 27. Nd3 Bh6 28. f5
Bxe3+ 29. Qxe3 g5 30. Rf1 Rh7 31. Ndc5 fxe5 32. dxe5 1-0

[Event "42. Torneo Internacional de La Roda"]
[Site "La Roda ESP"]
[Date "2015.04.01"]
[Round "1.2"]
[White "Aledo Yanguas, Javier"]
[Black "Kovchan, Alexander"]
[Result "0-1"]
[WhiteElo "1979"]
[BlackElo "2581"]
[PlyCount "78"]
[EventDate "2015.04.01"]
[EventRounds "9"]
[EventCountry "ESP"]
[Source "lmi"]
[SourceDate "2015.04.01"]

1. e4 d5 2. exd5 Qxd5 3. Nc3 Qd6 4. d4 g6 5. Nf3 Bg7 6. Be3 Nf6 7. h3 a6 8. Bd3
Nc6 9. a3 Be6 10. Ne4 Nxe4 11. Bxe4 f5 12. Bxc6+ Qxc6 13. b3 Bd5 14. c4 Bxf3
15. Qxf3 Qxf3 16. gxf3 O-O-O 17. O-O-O f4 18. Bxf4 Rxd4 19. Rxd4 Bxd4 20. Be3
Bxe3+ 21. fxe3 Rf8 22. f4 e5 23. Rf1 Kd7 24. Kd2 Ke6 25. Ke2 a5 26. Rf2 c5 27.
Rf1 exf4 28. Rxf4 Rf5 29. Rg4 Kf6 30. Kd3 h5 31. Rg3 Rf2 32. Kc3 h4 33. Rg4 g5
34. Re4 Rh2 35. b4 Rxh3 36. bxa5 Rh1 37. Kb3 h3 38. Re8 h2 39. Kb2 Rg1 0-1

[Event "42. Torneo Internacional de La Roda"]
[Site "La Roda ESP"]
[Date "2015.04.01"]
[Round "1.3"]
[White "Peralta, Fernando"]
[Black "Alvarez Serrano, Carlos"]
[Result "1/2-1/2"]
[WhiteElo "2569"]
[BlackElo "1977"]
[PlyCount "146"]
[EventDate "2015.04.01"]
[EventRounds "9"]
[EventCountry "ESP"]
[Source "lmi"]
[SourceDate "2015.04.01"]

1. d4 Nf6 2. c4 e6 3. Nc3 Bb4 4. e3 O-O 5. Bd3 d5 6. Nf3 c5 7. O-O dxc4 8. Bxc4
cxd4 9. exd4 Nc6 10. a3 Bxc3 11. bxc3 h6 12. Bd3 b6 13. Re1 Bb7 14. c4 Rc8 15.
Bb2 Na5 16. Rc1 Ba6 17. Qe2 Re8 18. Nd2 Bb7 19. Qe3 Qd6 20. h3 Rcd8 21. Bf1 Nc6
22. Nb3 Ne7 23. f3 Nf5 24. Qf2 Qc6 25. Bd3 Qa4 26. Nd2 Qd7 27. Bxf5 exf5 28. d5
Qd6 29. Nb3 Ba6 30. Nd4 Rxe1+ 31. Rxe1 Qf4 32. Bc1 Qc7 33. Nxf5 Bxc4 34. Bb2
Ne8 35. Re7 Qf4 36. Nxg7 Nxg7 37. Re4 Qc7 38. Bxg7 Kxg7 39. Qd4+ Kh7 40. Qxc4
Qxc4 41. Rxc4 Rxd5 42. a4 Kg6 43. Kh2 f6 44. Kg3 b5 45. axb5 Rxb5 46. Rc7 a5
47. Ra7 Rg5+ 48. Kf2 h5 49. h4 Rf5 50. Ra8 Rf4 51. Kg3 Rf5 52. Ra6 Rb5 53. Kh3
Rf5 54. Ra8 Kg7 55. Kg3 Kh7 56. Kf2 Kg6 57. Ke3 Re5+ 58. Kf4 Rf5+ 59. Kg3 Kh7
60. Rb8 Kg7 61. Rc8 Kh7 62. Rc4 Rb5 63. Rc6 Kg6 64. Ra6 Rf5 65. Ra7 Kh6 66. Kf2
Rf4 67. Kg3 Rf5 68. Ra8 Kg7 69. Ra7+ Kh6 70. Ra6 Kg6 71. Ra8 Kg7 72. Kf2 Kg6
73. Ra7 Rf4 1/2-1/2

[Event "42. Torneo Internacional de La Roda"]
[Site "La Roda ESP"]
[Date "2015.04.01"]
[Round "1.4"]
[White "Garcia Porlan, Beatriz"]
[Black "Perez Candelario, Manuel"]
[Result "1/2-1/2"]
[WhiteElo "1974"]
[BlackElo "2566"]
[PlyCount "173"]
[EventDate "2015.04.01"]
[EventRounds "9"]
[EventCountry "ESP"]
[Source "lmi"]
[SourceDate "2015.04.01"]

1. e4 e5 2. Nf3 Nc6 3. d4 exd4 4. Nxd4 Nf6 5. Nxc6 bxc6 6. e5 Qe7 7. Qe2 Nd5 8.
c4 Ba6 9. b3 g5 10. g3 Bg7 11. Bb2 O-O-O 12. Nd2 Rhe8 13. O-O-O Nb6 14. f4 gxf4
15. gxf4 f6 16. exf6 Bxf6 17. Qxe7 Bxb2+ 18. Kxb2 Rxe7 19. Bd3 Rf8 20. Ne4 d5
21. Nc5 dxc4 22. Nxa6 cxd3 23. Rxd3 Rxf4 24. Rg1 Re5 25. b4 Na4+ 26. Kb3 Kb7
27. Nxc7 Kxc7 28. Rg7+ Kb6 29. Kxa4 a5 30. a3 axb4 31. axb4 Rb5 32. Rxh7 Rfxb4+
33. Ka3 Rb1 34. Ka2 R1b4 35. Ka3 Ka6 36. Rc3 Ka5 37. Ka2 Kb6 38. Rh6 Ra4+ 39.
Ra3 Rab4 40. Rc3 Ra5+ 41. Ra3 Rxa3+ 42. Kxa3 Rf4 43. Rh3 Kc5 44. Rc3+ Kd5 45.
Kb3 Rf2 46. Rc2 Rf1 47. Rd2+ Kc5 48. Rc2+ Kb5 49. Rc3 Rb1+ 50. Kc2 Rh1 51. h3
Rh2+ 52. Kb3 Rh1 53. Rg3 c5 54. Rc3 Rg1 55. Rf3 Rb1+ 56. Kc2 Ra1 57. Rb3+ Kc6
58. Rc3 Ra8 59. Kd3 Kd5 60. Rc4 Ra3+ 61. Rc3 Ra2 62. Rc2 Ra1 63. Rf2 Ra3+ 64.
Kd2 Rxh3 65. Kc2 Rh4 66. Rd2+ Kc4 67. Rg2 Re4 68. Rd2 Kb4 69. Rg2 Rh4 70. Rf2
Rg4 71. Rh2 Rc4+ 72. Kb2 Rf4 73. Kc2 Rf8 74. Rh4+ c4 75. Rh2 Ra8 76. Kb2 Ra3
77. Rh7 Rb3+ 78. Kc2 Rc3+ 79. Kb2 Rg3 80. Rb7+ Kc5 81. Rc7+ Kd5 82. Rd7+ Kc6
83. Rd8 Rg5 84. Kc3 Kc5 85. Rc8+ Kb5 86. Rb8+ Kc5 87. Rc8+ 1/2-1/2

[Event "42. Torneo Internacional de La Roda"]
[Site "La Roda ESP"]
[Date "2015.04.01"]
[Round "1.5"]
[White "Arribas Lopez, Angel"]
[Black "Belinchon Calleja, David"]
[Result "1-0"]
[WhiteElo "2524"]
[BlackElo "1974"]
[PlyCount "41"]
[EventDate "2015.04.01"]
[EventRounds "9"]
[EventCountry "ESP"]
[Source "lmi"]
[SourceDate "2015.04.01"]

1. e4 e5 2. Nf3 Nf6 3. d4 Nxe4 4. Bd3 d5 5. dxe5 Be7 6. O-O Nc5 7. Nc3 c6 8.
Nd4 O-O 9. Bf5 Nba6 10. Qg4 Kh8 11. f4 Ne4 12. Bxc8 Qxc8 13. f5 Nac5 14. Rf3
Nd7 15. f6 gxf6 16. Rh3 Nxe5 17. Qh5 Qxh3 18. Qxh3 Bc5 19. Be3 Nc4 20. Nxe4
dxe4 21. Qf5 1-0

[Event "42. Torneo Internacional de La Roda"]
[Site "La Roda ESP"]
[Date "2015.04.01"]
[Round "1.6"]
[White "Diaz Rodriguez, Jose Antonio"]
[Black "Strikovic, Aleksa"]
[Result "0-1"]
[WhiteElo "1974"]
[BlackElo "2522"]
[PlyCount "62"]
[EventDate "2015.04.01"]
[EventRounds "9"]
[EventCountry "ESP"]
[Source "lmi"]
[SourceDate "2015.04.01"]

1. e4 c5 2. Nc3 Nc6 3. Bc4 e6 4. Nf3 Nf6 5. Qe2 d6 6. d3 Be7 7. O-O O-O 8. Bg5
a6 9. a4 h6 10. Bh4 Re8 11. Nd1 b6 12. c3 Bb7 13. d4 cxd4 14. cxd4 d5 15. exd5
Nxd5 16. Bg3 Bf6 17. Be5 Bxe5 18. dxe5 Nf4 19. Qe3 Nxg2 20. Kxg2 Nd4 21. Be2
Nxe2 22. Qxe2 Qg5+ 23. Kh3 Qh5+ 24. Kg3 Rad8 25. Ng1 Rd3+ 26. Ne3 Qxe5+ 27. Kh3
Rd4 28. f3 Qg5 29. Qf2 e5 30. Rfc1 Re6 31. Ne2 Rd2 0-1

[Event "42. Torneo Internacional de La Roda"]
[Site "La Roda ESP"]
[Date "2015.04.01"]
[Round "1.7"]
[White "Forcen Esteban, Daniel"]
[Black "Sarto Ramos, Angel"]
[Result "1-0"]
[WhiteElo "2519"]
[BlackElo "1967"]
[PlyCount "105"]
[EventDate "2015.04.01"]
[EventRounds "9"]
[EventCountry "ESP"]
[Source "lmi"]
[SourceDate "2015.04.01"]

1. e4 g6 2. d4 c6 3. f4 d5 4. e5 h5 5. h3 Bf5 6. Be3 e6 7. Nd2 Nd7 8. Ngf3 Be7
9. Bf2 Qb6 10. Nb3 Rc8 11. Be2 a5 12. a4 Qc7 13. O-O f6 14. c4 dxc4 15. Bxc4
fxe5 16. fxe5 Rd8 17. Qc1 Nb6 18. Nxa5 Nxc4 19. Nxc4 Bd3 20. Re1 Bxc4 21. Qxc4
Rd5 22. Be3 Nh6 23. Qc2 Nf5 24. Bf2 g5 25. g4 hxg4 26. hxg4 Nh4 27. Nxh4 gxh4
28. Kh2 Kd7 29. Kh3 Rf8 30. Rf1 Qb6 31. Bg1 Qd8 32. Be3 c5 33. dxc5 Qc7 34.
Rxf8 Bxf8 35. Rd1 Qxe5 36. Rxd5+ Qxd5 37. Qd2 Qxd2 38. Bxd2 Bxc5 39. Kxh4 e5
40. g5 Ke6 41. Kg4 Kd5 42. g6 Bf8 43. Kh5 Bg7 44. Bh6 Bf6 45. g7 Bxg7 46. Bxg7
e4 47. Kg4 Kc4 48. a5 Kd3 49. Bc3 Ke3 50. Kf5 Kd3 51. Kf4 e3 52. Kf3 e2 53. Kf2
1-0

[Event "42. Torneo Internacional de La Roda"]
[Site "La Roda ESP"]
[Date "2015.04.01"]
[Round "1.8"]
[White "Tirado Parra, Alberto"]
[Black "Perez Mitjans, Orelvis"]
[Result "0-1"]
[WhiteElo "1964"]
[BlackElo "2463"]
[PlyCount "52"]
[EventDate "2015.04.01"]
[EventRounds "9"]
[EventCountry "ESP"]
[Source "lmi"]
[SourceDate "2015.04.01"]

1. Nf3 d5 2. c4 c6 3. g3 dxc4 4. Qc2 b5 5. a4 Nf6 6. Bg2 e6 7. O-O Bb7 8. b3
cxb3 9. Qxb3 b4 10. Ne5 Qc7 11. d4 c5 12. Bb2 Bxg2 13. Kxg2 Nc6 14. Qf3 Rc8 15.
Nd2 Be7 16. Rfc1 O-O 17. Nxc6 Qxc6 18. e4 Rfd8 19. Rc2 Qa6 20. dxc5 Rxc5 21.
Rxc5 Bxc5 22. Nb3 Be7 23. Nd4 Rc8 24. Nb5 Qb7 25. e5 Nd5 26. Nd6 Ne3+ 0-1

[Event "42. Torneo Internacional de La Roda"]
[Site "La Roda ESP"]
[Date "2015.04.01"]
[Round "1.9"]
[White "Moreno Ruiz, Javier"]
[Black "Castro Perez, Manuel Angel"]
[Result "1/2-1/2"]
[WhiteElo "2461"]
[BlackElo "1953"]
[PlyCount "125"]
[EventDate "2015.04.01"]
[EventRounds "9"]
[EventCountry "ESP"]
[Source "lmi"]
[SourceDate "2015.04.01"]

1. d4 d5 2. c4 c6 3. Nc3 Nf6 4. e3 a6 5. Nf3 b5 6. b3 e6 7. Bd3 Bb7 8. O-O Be7
9. Qe2 O-O 10. e4 b4 11. e5 bxc3 12. exf6 Bxf6 13. Ba3 Re8 14. Qc2 g6 15. Qxc3
Nd7 16. Rad1 c5 17. cxd5 cxd4 18. Nxd4 Bxd5 19. Be2 Rc8 20. Qd2 Qb6 21. Bb4 Nc5
22. Ba5 Qa7 23. Bf3 Nb7 24. Bxd5 Nxa5 25. Qxa5 Bxd4 26. Bc4 Red8 27. Rd3 Bb6
28. Qd2 Rxd3 29. Bxd3 Rd8 30. Qe2 a5 31. Rd1 Rd4 32. g3 Qd7 33. Bc2 Rxd1+ 34.
Qxd1 Qxd1+ 35. Bxd1 Kf8 36. Kf1 g5 37. Bh5 Ke7 38. Ke2 f5 39. f3 Kd6 40. Kd3
Kd5 41. Bf7 Bc5 42. h3 h6 43. g4 fxg4 44. hxg4 Ba3 45. Bg6 Bb4 46. Be4+ Kc5 47.
Bb7 e5 48. Ke4 Bc3 49. Kf5 Kb4 50. Kg6 a4 51. Kxh6 Bd2 52. Bd5 axb3 53. axb3
Be3 54. Kg6 Bd2 55. Kf5 Bf4 56. Ke4 Bg3 57. Kf5 Bf4 58. Bf7 Kc3 59. Kf6 Kb4 60.
Bd5 Kc3 61. Ke6 Kb4 62. Bc4 Bg3 63. Kf5 1/2-1/2

[Event "42. Torneo Internacional de La Roda"]
[Site "La Roda ESP"]
[Date "2015.04.01"]
[Round "1.10"]
[White "Jarque Megias, Juan Jose"]
[Black "Cifuentes Parada, Roberto"]
[Result "1-0"]
[WhiteElo "1952"]
[BlackElo "2461"]
[PlyCount "71"]
[EventDate "2015.04.01"]
[EventRounds "9"]
[EventCountry "ESP"]
[Source "lmi"]
[SourceDate "2015.04.01"]

1. d4 d6 2. c4 e5 3. e3 Nf6 4. Nf3 Nbd7 5. Nc3 c6 6. Be2 e4 7. Nd2 d5 8. Qb3
Qa5 9. a3 Be7 10. cxd5 cxd5 11. f3 exf3 12. Bxf3 Nb6 13. Qa2 Na4 14. Nxa4 Qxa4
15. Bxd5 O-O 16. O-O Nxd5 17. Qxd5 Bd7 18. Qxb7 Rab8 19. Qe4 Rfe8 20. Qf4 f5
21. b3 Qc6 22. Nc4 Be6 23. Bd2 g5 24. Qf2 Qe4 25. Na5 Rbc8 26. Nc4 Rb8 27. Bc3
Rec8 28. Qg3 Bd5 29. Bb4 f4 30. Rxf4 Qg6 31. Ne5 Qg7 32. Rf5 Be6 33. Nc6 Bxf5
34. Nxe7+ Kh8 35. Bd6 Rb5 36. Nxc8 1-0

[Event "42. Torneo Internacional de La Roda"]
[Site "La Roda ESP"]
[Date "2015.04.01"]
[Round "1.11"]
[White "Starostits, Ilmars"]
[Black "Harutyunyan, Tigran"]
[Result "1-0"]
[WhiteElo "2460"]
[BlackElo "1946"]
[PlyCount "59"]
[EventDate "2015.04.01"]
[EventRounds "9"]
[EventCountry "ESP"]
[Source "lmi"]
[SourceDate "2015.04.01"]

1. e4 c5 2. Nc3 a6 3. g3 Nc6 4. Bg2 d6 5. d3 g6 6. f4 Bg7 7. Nge2 e5 8. O-O
Nge7 9. fxe5 dxe5 10. Nd5 f5 11. Be3 Be6 12. Nec3 Qd6 13. Nxe7 Nxe7 14. exf5
gxf5 15. Qh5+ Bf7 16. Ne4 Bxh5 17. Nxd6+ Kd7 18. Nxb7 Rab8 19. Nxc5+ Kd6 20.
Nb3 Rhc8 21. Ba7 Rb5 22. c4 Rb4 23. Rf2 Rc7 24. Be3 Bf7 25. Re1 Be6 26. Rd2 Ng6
27. d4 e4 28. d5 Bf7 29. c5+ Kd7 30. c6+ 1-0

[Event "42. Torneo Internacional de La Roda"]
[Site "La Roda ESP"]
[Date "2015.04.01"]
[Round "1.12"]
[White "Castillo Garcia, Adrian"]
[Black "Smirnov, Artem"]
[Result "0-1"]
[WhiteElo "1944"]
[BlackElo "2456"]
[PlyCount "48"]
[EventDate "2015.04.01"]
[EventRounds "9"]
[EventCountry "ESP"]
[Source "lmi"]
[SourceDate "2015.04.01"]

1. c4 Nf6 2. Nc3 e5 3. g3 Bb4 4. Qc2 O-O 5. Bg2 c6 6. Nf3 Re8 7. d3 h6 8. Bd2
d5 9. cxd5 cxd5 10. O-O Nc6 11. a3 Bf8 12. b4 Bg4 13. e3 Rc8 14. Qb3 e4 15. Nd4
Qd7 16. Rac1 h5 17. h3 Bxh3 18. Nxd5 Nxd5 19. Bxh3 Qxh3 20. Qxd5 Re5 21. Qb3 h4
22. Ne2 hxg3 23. Nxg3 Rg5 24. dxe4 Ne5 0-1

[Event "42. Torneo Internacional de La Roda"]
[Site "La Roda ESP"]
[Date "2015.04.01"]
[Round "1.13"]
[White "Adla, Diego"]
[Black "Motos Abellan, Daniel"]
[Result "1-0"]
[WhiteElo "2451"]
[BlackElo "1940"]
[PlyCount "69"]
[EventDate "2015.04.01"]
[EventRounds "9"]
[EventCountry "ESP"]
[Source "lmi"]
[SourceDate "2015.04.01"]

1. d4 d5 2. c4 c6 3. Nf3 Nf6 4. e3 a6 5. b3 g6 6. Be2 Bg7 7. O-O O-O 8. a4 Nbd7
9. Nbd2 Ne4 10. Bb2 Re8 11. Rc1 e5 12. cxd5 cxd5 13. dxe5 Nxd2 14. Qxd2 Nxe5
15. Nxe5 Bxe5 16. Rfd1 Qb6 17. Bxe5 Rxe5 18. Qb2 f6 19. Bf3 Be6 20. Rd4 Rd8 21.
h4 Kf7 22. b4 Rd7 23. Rc5 Rc7 24. a5 Qd6 25. Rxc7+ Qxc7 26. Qd2 Qc6 27. g3 Kg7
28. Rd3 Bf7 29. Rc3 Qd6 30. Qd4 h5 31. Qc5 Qd7 32. Kg2 d4 33. Qxd4 Qxd4 34.
exd4 Rb5 35. Rc7 1-0

[Event "42. Torneo Internacional de La Roda"]
[Site "La Roda ESP"]
[Date "2015.04.01"]
[Round "1.14"]
[White "De Lucas Bello, Federico"]
[Black "Campora, Daniel H"]
[Result "0-1"]
[WhiteElo "1933"]
[BlackElo "2450"]
[PlyCount "56"]
[EventDate "2015.04.01"]
[EventRounds "9"]
[EventCountry "ESP"]
[Source "lmi"]
[SourceDate "2015.04.01"]

1. e4 e5 2. Nf3 Nc6 3. Bb5 Nf6 4. O-O d6 5. d4 Bd7 6. Re1 Be7 7. c3 O-O 8. Nbd2
Nxd4 9. Nxd4 exd4 10. Bxd7 dxc3 11. Ba4 cxd2 12. Bxd2 Nd7 13. Bc2 Bf6 14. Rb1
Re8 15. b4 Bd4 16. Rb3 Ne5 17. g3 Qf6 18. Rf1 b5 19. Kg2 Nc4 20. Bc1 c5 21.
bxc5 dxc5 22. Rf3 Qc6 23. Re1 Rad8 24. Qe2 Ne5 25. Ra3 a6 26. f4 Nc4 27. Rf3
Bb2 28. Bxb2 Rd2 0-1

[Event "42. Torneo Internacional de La Roda"]
[Site "La Roda ESP"]
[Date "2015.04.01"]
[Round "1.15"]
[White "Paunovic, Dragan"]
[Black "Munoz Pelaez, Manuel"]
[Result "1/2-1/2"]
[WhiteElo "2442"]
[BlackElo "1928"]
[PlyCount "86"]
[EventDate "2015.04.01"]
[EventRounds "9"]
[EventCountry "ESP"]
[Source "lmi"]
[SourceDate "2015.04.01"]

1. c4 e5 2. g3 Nc6 3. Bg2 f5 4. Nc3 Nf6 5. e3 g6 6. Nge2 Bg7 7. d3 O-O 8. O-O
d6 9. Rb1 a5 10. a3 Ne7 11. Nd5 c6 12. Nxe7+ Qxe7 13. b4 axb4 14. axb4 Be6 15.
Qc2 d5 16. c5 Nd7 17. Bb2 g5 18. f4 h6 19. Ra1 Rfe8 20. Qd2 Bf7 21. fxe5 Nxe5
22. Nd4 Rxa1 23. Bxa1 Bg6 24. h3 Nd7 25. Nc2 Be5 26. Kh2 Ra8 27. Bxe5 Qxe5 28.
d4 Qc7 29. Ra1 Rxa1 30. Nxa1 Nf6 31. Nb3 Nh5 32. Qf2 f4 33. exf4 gxf4 34. gxf4
Nxf4 35. Qg3 Qf7 36. Na5 Nxg2 37. Kxg2 Kh7 38. Kg1 Qf5 39. Qc7+ Bf7 40. Nxb7
Qb1+ 41. Kg2 Qc2+ 42. Kg3 Qd3+ 43. Kg2 Qc2+ 1/2-1/2

[Event "42. Torneo Internacional de La Roda"]
[Site "La Roda ESP"]
[Date "2015.04.01"]
[Round "1.16"]
[White "Torres Ferrandez, Mario"]
[Black "Valmana Canto, Jaime"]
[Result "1-0"]
[WhiteElo "1916"]
[BlackElo "2425"]
[PlyCount "71"]
[EventDate "2015.04.01"]
[EventRounds "9"]
[EventCountry "ESP"]
[Source "lmi"]
[SourceDate "2015.04.01"]

1. c4 e5 2. Nc3 Nc6 3. g3 Nf6 4. Bg2 Bc5 5. e3 a6 6. Nge2 d6 7. d4 Ba7 8. b4
O-O 9. a3 Bf5 10. d5 Ne7 11. e4 Bg6 12. Bg5 Nd7 13. g4 h6 14. Bd2 Bh7 15. h4
Ng6 16. g5 h5 17. Ng3 Nf4 18. Bxf4 exf4 19. Nxh5 f5 20. Nxf4 fxe4 21. Ne6 Bxf2+
22. Ke2 Qe7 23. Bxe4 Ba7 24. Bxh7+ Kxh7 25. Qd3+ Kg8 26. Raf1 Ne5 27. Qe4 Rxf1
28. Rxf1 a5 29. g6 axb4 30. axb4 Rc8 31. Qf5 Qe8 32. h5 c6 33. Ne4 Bb8 34. N4g5
cxd5 35. Qf7+ Nxf7 36. gxf7+ 1-0

[Event "42. Torneo Internacional de La Roda"]
[Site "La Roda ESP"]
[Date "2015.04.01"]
[Round "1.17"]
[White "Garza Marco, Sergio"]
[Black "Fernandes, Miguel A. Murtinho"]
[Result "1-0"]
[WhiteElo "2415"]
[BlackElo "1914"]
[PlyCount "71"]
[EventDate "2015.04.01"]
[EventRounds "9"]
[EventCountry "ESP"]
[Source "lmi"]
[SourceDate "2015.04.01"]

1. d4 d5 2. c4 c6 3. Nf3 Nf6 4. Nbd2 e6 5. g3 Nbd7 6. Bg2 Be7 7. O-O O-O 8. Qc2
b6 9. e4 dxe4 10. Nxe4 Bb7 11. Rd1 Qc8 12. Nc3 b5 13. c5 Nd5 14. Nxd5 exd5 15.
a4 b4 16. a5 Ba6 17. Re1 Bd8 18. Bh3 Qb7 19. Bf4 b3 20. Qc3 Nf6 21. Nd2 h6 22.
Qxb3 Qxb3 23. Nxb3 g5 24. Bd6 Re8 25. Rxe8+ Nxe8 26. Bd7 Nxd6 27. cxd6 Bb5 28.
Rc1 Bc4 29. Bxc6 Rb8 30. Nd2 Rxb2 31. Nxc4 dxc4 32. Rxc4 Bxa5 33. Ra4 Bb6 34.
d7 a5 35. Ra3 Rd2 36. Rb3 1-0

[Event "42. Torneo Internacional de La Roda"]
[Site "La Roda ESP"]
[Date "2015.04.01"]
[Round "1.18"]
[White "Moya Albaladejo, Jose Antonio"]
[Black "Granero Roca, Antonio"]
[Result "0-1"]
[WhiteElo "1909"]
[BlackElo "2413"]
[PlyCount "86"]
[EventDate "2015.04.01"]
[EventRounds "9"]
[EventCountry "ESP"]
[Source "lmi"]
[SourceDate "2015.04.01"]

1. e4 d6 2. d4 g6 3. Nc3 Bg7 4. f4 c6 5. Nf3 Nf6 6. Bd3 O-O 7. O-O b5 8. Qe1 b4
9. Ne2 Ba6 10. Ng3 Bxd3 11. cxd3 Qb6 12. Kh1 Qb5 13. Qe2 c5 14. f5 cxd4 15.
Nxd4 Qa6 16. Be3 Nbd7 17. fxg6 hxg6 18. Nf3 Rac8 19. Qd2 Ng4 20. Bg5 Rfe8 21.
d4 Qb5 22. h3 Ngf6 23. Rac1 Nf8 24. d5 N8h7 25. Be3 Qa6 26. b3 Nd7 27. Nd4 Ne5
28. Nc6 Nxc6 29. Rxc6 Rxc6 30. dxc6 Be5 31. Bf4 Bc3 32. Qf2 Qxc6 33. Qxa7 Nf6
34. Qe3 Ra8 35. Rf2 Ra5 36. Rc2 Rc5 37. Qe2 Qc8 38. Be3 Rc7 39. Qb5 Be5 40.
Rxc7 Qxc7 41. Ne2 Nxe4 42. Qxb4 Qc2 43. Qc4 Qd1+ 0-1

[Event "42. Torneo Internacional de La Roda"]
[Site "La Roda ESP"]
[Date "2015.04.01"]
[Round "1.19"]
[White "Pilgaard, Kim"]
[Black "Martinez Maestro, Jose Angel"]
[Result "1-0"]
[WhiteElo "2386"]
[BlackElo "1909"]
[PlyCount "59"]
[EventDate "2015.04.01"]
[EventRounds "9"]
[EventCountry "ESP"]
[Source "lmi"]
[SourceDate "2015.04.01"]

1. d4 Nf6 2. c4 g6 3. Nc3 d5 4. Nf3 Bg7 5. Qb3 dxc4 6. Qxc4 O-O 7. e4 a6 8. Be2
b5 9. Qb3 c5 10. dxc5 Be6 11. Qc2 Nc6 12. O-O Qc7 13. Be3 Ng4 14. Qc1 Nd4 15.
Bxd4 Bxd4 16. b4 Rfd8 17. a3 Bc4 18. Bxc4 bxc4 19. Ra2 Bxc3 20. h3 Rd3 21. hxg4
Qd7 22. Rc2 Bg7 23. Rxc4 Qxg4 24. e5 Qe6 25. Rc3 Rad8 26. c6 R3d5 27. c7 Rc8
28. Rd1 Bxe5 29. Rxd5 Qxd5 30. Rc5 1-0

[Event "42. Torneo Internacional de La Roda"]
[Site "La Roda ESP"]
[Date "2015.04.01"]
[Round "1.20"]
[White "Zambrana Petisme, Ramiro"]
[Black "Maier, Christian"]
[Result "0-1"]
[WhiteElo "1908"]
[BlackElo "2380"]
[PlyCount "76"]
[EventDate "2015.04.01"]
[EventRounds "9"]
[EventCountry "ESP"]
[Source "lmi"]
[SourceDate "2015.04.01"]

1. e4 e6 2. d4 d5 3. Nd2 c5 4. exd5 exd5 5. dxc5 Bxc5 6. Nb3 Bb6 7. Nf3 Nf6 8.
Bb5+ Nc6 9. O-O O-O 10. Bg5 Bg4 11. c3 a6 12. Be2 Re8 13. Nfd4 Bxe2 14. Nxe2
Qd6 15. Ned4 Ne4 16. Bh4 Bc7 17. Bg3 Nxg3 18. hxg3 Ne5 19. Re1 g6 20. Nf3 Nc4
21. Qc2 Qb6 22. Kh1 Nd6 23. Rad1 Ne4 24. Nbd4 Qc5 25. Kg1 Rad8 26. Nd2 Nf6 27.
N2f3 Re4 28. Ng5 Ree8 29. Ngf3 Bb6 30. Qd3 Ne4 31. Nd2 f5 32. g4 Qf8 33. gxf5
gxf5 34. Nxe4 fxe4 35. Qg3+ Kh8 36. Re2 Qf6 37. Qh3 Rg8 38. Qf5 Bxd4 0-1

[Event "42. Torneo Internacional de La Roda"]
[Site "La Roda ESP"]
[Date "2015.04.02"]
[Round "2.1"]
[White "Nieves Cabanes, Jose Manuel"]
[Black "Granda Zuniga, Julio E"]
[Result "0-1"]
[WhiteElo "2168"]
[BlackElo "2649"]
[PlyCount "72"]
[EventDate "2015.04.01"]
[EventRounds "9"]
[EventCountry "ESP"]
[Source "lmi"]
[SourceDate "2015.04.01"]

1. d4 Nf6 2. c4 e6 3. Nf3 Bb4+ 4. Bd2 c5 5. Bxb4 cxb4 6. g3 b6 7. Bg2 Bb7 8.
O-O a5 9. a3 Na6 10. axb4 Nxb4 11. Nc3 O-O 12. d5 Qc7 13. dxe6 dxe6 14. b3 Rad8
15. Qc1 e5 16. Nh4 Bc8 17. Qb2 Rfe8 18. e4 Rd3 19. Rfd1 Red8 20. Nd5 Nfxd5 21.
exd5 Bg4 22. Rxd3 Nxd3 23. Qd2 Nc5 24. Qg5 Bc8 25. Re1 e4 26. Qe3 Bd7 27. f3
exf3 28. Qxf3 Re8 29. Rf1 f6 30. Qc3 Qe5 31. Qxe5 Rxe5 32. Kf2 Nxb3 33. Rb1 a4
34. d6 a3 35. Bd5+ Rxd5 36. Rxb3 a2 0-1

[Event "42. Torneo Internacional de La Roda"]
[Site "La Roda ESP"]
[Date "2015.04.02"]
[Round "2.2"]
[White "Kovchan, Alexander"]
[Black "Tudela Corbalan, Carlos"]
[Result "1-0"]
[WhiteElo "2581"]
[BlackElo "2166"]
[PlyCount "49"]
[EventDate "2015.04.01"]
[EventRounds "9"]
[EventCountry "ESP"]
[Source "lmi"]
[SourceDate "2015.04.01"]

1. e4 c5 2. Nf3 d6 3. d4 cxd4 4. Nxd4 Nf6 5. Nc3 Nc6 6. Be2 g6 7. Be3 Bg7 8.
O-O O-O 9. Qd2 Ng4 10. Bxg4 Bxg4 11. Nd5 Rc8 12. c4 Nxd4 13. Bxd4 Rxc4 14. Bxg7
Kxg7 15. Ne3 Rxe4 16. f3 Bxf3 17. gxf3 Ra4 18. b3 Ra5 19. Rad1 Qb6 20. Kh1 Qa6
21. Rf2 Re5 22. Ng4 Rc5 23. Qh6+ Kg8 24. Re1 Rh5 25. Qd2 1-0

[Event "42. Torneo Internacional de La Roda"]
[Site "La Roda ESP"]
[Date "2015.04.02"]
[Round "2.3"]
[White "Rodriguez Garcia, Manuel Fco"]
[Black "Arribas Lopez, Angel"]
[Result "1/2-1/2"]
[WhiteElo "2161"]
[BlackElo "2524"]
[PlyCount "123"]
[EventDate "2015.04.01"]
[EventRounds "9"]
[EventCountry "ESP"]
[Source "lmi"]
[SourceDate "2015.04.01"]

1. e4 c5 2. Nf3 d6 3. d4 cxd4 4. Nxd4 Nf6 5. Nc3 g6 6. Be3 Bg7 7. f3 O-O 8. Qd2
Nc6 9. Bc4 Bd7 10. O-O-O Rb8 11. Kb1 Na5 12. Bb3 b5 13. h4 e6 14. g4 b4 15.
Nce2 e5 16. Nf5 Nxb3 17. axb3 gxf5 18. gxf5 Nh5 19. Rhg1 Be8 20. Ng3 f6 21.
Nxh5 Bxh5 22. Bh6 Rf7 23. Bxg7 Rxg7 24. Qh6 Rbb7 25. Qxh5 Rxg1 26. Rxg1+ Rg7
27. Rxg7+ Kxg7 28. Qg4+ Kh6 29. Qg1 Qc7 30. Qg8 Qg7 31. Qd8 Kh5 32. Qxd6 Kxh4
33. Qxb4 h5 34. c4 Kg3 35. Qe1+ Kxf3 36. Qh1+ Qg2 37. Qxg2+ Kxg2 38. c5 h4 39.
c6 h3 40. c7 h2 41. c8=Q h1=Q+ 42. Ka2 Kf3 43. Qa6 Kf4 44. Qxf6 Qxe4 45. Qh4+
Kxf5 46. Qh7+ Kf4 47. Qf7+ Ke3 48. Qf1 Qd3 49. Qe1+ Kd4 50. Qb4+ Kd5 51. Qb7+
Ke6 52. Qc8+ Kd5 53. Qb7+ Kd4 54. Qb4+ Ke3 55. Qe1+ Kf4 56. Qh4+ Kf3 57. Qh3+
Ke4 58. Qg4+ Ke3 59. Qg5+ Kd4 60. Qd8+ Ke4 61. Qh4+ Ke3 62. Qe1+ 1/2-1/2

[Event "42. Torneo Internacional de La Roda"]
[Site "La Roda ESP"]
[Date "2015.04.02"]
[Round "2.4"]
[White "Strikovic, Aleksa"]
[Black "Perez Garcia, Roberto"]
[Result "1-0"]
[WhiteElo "2522"]
[BlackElo "2159"]
[PlyCount "51"]
[EventDate "2015.04.01"]
[EventRounds "9"]
[EventCountry "ESP"]
[Source "lmi"]
[SourceDate "2015.04.01"]

1. c4 g6 2. d4 Bg7 3. e4 d6 4. Nc3 e5 5. Nge2 exd4 6. Nxd4 Nc6 7. Be3 Nge7 8.
Qd2 f5 9. exf5 Nxf5 10. Nxf5 Bxf5 11. Be2 Qd7 12. O-O O-O 13. Rad1 Rad8 14.
Rfe1 b6 15. Bh6 Bxh6 16. Qxh6 Ne5 17. Qh4 Qf7 18. b3 Bc8 19. Nd5 Bb7 20. f4
Bxd5 21. fxe5 Be6 22. Bf3 Kg7 23. exd6 Rxd6 24. Rxd6 cxd6 25. Bd5 Re8 26. Qe4
1-0